|
|
|
|
| LEADER |
00000nab a2200000 a 4500 |
| 001 |
vtls000892947 |
| 003 |
SK-MaSNL |
| 005 |
20260302175440.0 |
| 008 |
040720e19951124xo 0 slo |
| 035 |
|
|
|a KE1983
|
| 040 |
|
|
|a KEVKJB
|b slo
|c KEVKJB
|e AACR2
|
| 041 |
0 |
|
|a slo
|
| 044 |
|
|
|a xo
|c SK
|
| 080 |
|
|
|a 785.16
|2 1981
|
| 080 |
|
|
|a 7.091.4
|2 1981
|
| 100 |
1 |
|
|a Novotná, Natália
|4 aut
|9 880405
|
| 245 |
1 |
0 |
|a Jazz je v Košiciach doma
|b Príde na budúci rok aj Greorge Benson
|
| 611 |
1 |
7 |
|a Košický jazzový festival
|n 1.
|d 1995
|c Košice, Slovensko
|2 KEVKJB
|9 886943
|
| 651 |
|
7 |
|a Košice (Slovensko)
|2 KEVKJB
|9 18694
|
| 651 |
|
7 |
|a KE,
|2 KEVKJB
|9 877256
|
| 773 |
0 |
8 |
|t Korzo
|g Roč. 2
|g Roč. 28, č.272, 24.11.1995, s. 23
|
| 852 |
|
|
|a ZVYKNI
|b KIS3GCP
|
| 999 |
|
|
|c 1407104
|d 1409034
|